| 000 | 00657nam a2200265Ia 4500 | ||
|---|---|---|---|
| 005 | 20250425161032.0 | ||
| 008 | 250425s9999 xx 000 0 und d | ||
| 020 | _a0835916243 | ||
| 041 | _aeng | ||
| 082 | _a621.31042 | ||
| 100 | _aANDERSON, LEONARD R. | ||
| 245 | 0 | _aELECTRIC MACHINES AND TRANSFORMERS | |
| 250 | _a2ND ED. | ||
| 260 |
_aEstados Unidos _bRESTON _c1988 |
||
| 260 | _aRESTON | ||
| 300 | _a306 | ||
| 650 | _aARRANCADORES | ||
| 650 | _aGENERADORES ELECTRICOS | ||
| 650 | _aMAQUINARIA ELECTRICA | ||
| 650 | _aMOTORES ELECTRICOS | ||
| 650 | _aTRANSFORMADORES | ||
| 700 | _aMACNEILL, JACK | ||
| 942 | _c01 | ||
| 010 | _a11103 | ||
| 999 |
_c201139 _d201139 |
||